000 00746na a2200253 4500
001 19198
003 MIRAKIL
005 20181213154850.0
008 161209b tu 000 0
020 _a9789756085059
040 _aMilas
_btur
_cTR-AnCHP
041 _atur
082 _a378.155
_bÇ24o 2002
090 _a378.155 Ç24o 2002
100 _aÇalışkan, Nurettin
245 _aOdtü tarihçe 1956-1980
_cNurettin Çalışkan
260 _aAnkara
_bODTÜ Mezunları Derneği
_c2002
300 _axvii, 580 s.
_bres.
_c24 sm.
504 _aKaynakça var.
650 _aYüksek eğitim
_xÜniversiteler
_yTarihçe, 1956-1980
810 _aODTÜ Mezunları Derneği
942 _2ddc
_cBKS
999 _c2245
_d2245